Statistics for Digits of Pi in Word Form

Click here to take the quiz!

General Stats

  • This quiz has been taken 79 times
  • The average score is 19 of 50

Answer Stats

Number % Correct
Three.
100%
One
98%
Four
98%
One
98%
Five
96%
Nine
91%
Two
85%
Six
83%
Five
79%
Five
72%
Three
72%
Eight
66%
Nine
60%
Seven
57%
Three
55%
Nine
55%
Two
53%
Three
51%
Eight
43%
Six
38%
Four
38%
Two
36%
Six
32%
Four
28%
Three
26%
Three
23%
Eight
23%
Two
21%
Three
21%
Nine
19%
Seven
19%
Eight
17%
Two
17%
Zero
17%
Five
17%
Eight
15%
Four
13%
One
9%
Nine
6%
One
4%
Seven
4%
Seven
2%
One
2%
Three
2%
Five
2%
Three
2%
Six
2%
Nine
2%
Nine
2%
Nine
2%

Score Distribution

Percentile by Number Answered

Percent of People with Each Score

Your Score History

You have not taken this quiz